| 000 | 00731nam a2200205 4500 | ||
|---|---|---|---|
| 003 | CO-ViMGA | ||
| 020 | _a9582008792 | ||
| 040 |
_aCO-ViMGA _bspa _cCO-ViMGA |
||
| 082 | 0 | 4 |
_a362.29 _bR69d |
| 100 | 1 |
_aRozo Sarmiento, Jesus Antonio _d2006 _94219 |
|
| 245 | 1 | 0 |
_aDrogadicción Familia y escuela / _bLo que los padres y educadores deben saber / _cJesús Antonio Rozo Sarmiento, Ricardo Juliano Rozo Valencia |
| 260 |
_aBogota, colombia _bMagisterio _c2006 |
||
| 300 |
_a169 p. ; _b24 cm. |
||
| 490 | _aTrasversales | ||
| 500 | _aIncluye contenido y prologo | ||
| 504 | _aincluye Bibliografia pags. 165-169 | ||
| 650 | 1 | 4 |
_aDrogadicción _vAspectos psicologicos _94220 |
| 650 | 1 | 4 |
_aPrevención _vAspectos sociales _94221 |
| 942 |
_2ddc _cBK |
||
| 999 |
_c6702 _d6702 |
||